000 00363nam a2200145Ia 4500
008 230917s9999||||xx |||||||||||||| ||und||
040 _e30294
_aMAIN
041 _aEnglish
082 _a371.3078 V519M
100 _aVeena Kumar
245 0 _aMedia options for teachers
260 _aNew Delhi
_bAtlantic Publishers
_c1998
300 _axv, 199 p.
942 _cBK
999 _c102405
_d102405